Recuerdo filial (Record no. 71542)

MARC details
000 -LEADER
campo de control de longitud fija 00796nam a2200217 i 4500
001 - NÚMERO DE CONTROL
campo de control 71542
003 - IDENTIFICADOR DE NÚMERO DE CONTROL
campo de control ES-MaACL
005 - FECHA Y HORA DE LA ÚLTIMA TRANSACCIÓN
campo de control 20250822142623.0
007 - CAMPO FIJO DE DESCRIPCIÓN FÍSICA--INFORMACIÓN GENERAL
campo de control de longitud fija t|
008 - DATOS DE LONGITUD FIJA--INFORMACIÓN GENERAL
campo de control de longitud fija 040812s1956 sp ||||1| spa d
100 0# - ENTRADA PRINCIPAL--NOMBRE DE PERSONA
Nombre de persona Geneviève de la Sainte-Face (
Fechas asociadas al nombre 1869-1959)
9 (RLIN) 171459
245 10 - MENCIÓN DEL TÍTULO
Título Recuerdo filial
Resto del título : la madre de Santa Teresa del Niño Jesús, 1831-1877 /
Mención de responsabilidad, etc. Genoveva de la Santa Faz ; versión castellana por Fr. Emeterio G. Setién de J.M.
260 ## - PUBLICACIÓN, DISTRIBUCIÓN, ETC.
Lugar de publicación, distribución, etc. Burgos :
Nombre del editor, distribuidor, etc. El Monte Carmelo,
Fecha de publicación, distribución, etc. 1956.
300 ## - DESCRIPCIÓN FÍSICA
Extensión X, 122 p., 8 lám. ;
Dimensiones 17 cm.
490 1# - MENCIÓN DE SERIE
Mención de serie Santa Teresita
600 04 - PUNTO DE ACCESO ADICIONAL DE MATERIA--NOMBRE DE PERSONA
Nombre de persona Celia Guérin, Santa,
Fechas asociadas al nombre 1831-1877
9 (RLIN) 171460
700 1# - ENTRADA AGREGADA--NOMBRE PERSONAL
Nombre de persona Emeterio G. Setién de J. M. (
Fechas asociadas al nombre 1915-2001)
9 (RLIN) 171444
830 1# - PUNTO DE ACCESO ADICIONAL DE SERIE-TÍTULO UNIFORME
Título uniforme Santa Teresita
9 (RLIN) 231076
852 ## - LOCALIZACIÓN
Ubicación ES-MaACL
Número de control de estantería C-13519
Holdings
Estatus retirado Estado de pérdida Estado de daño No para préstamo Biblioteca de origen Biblioteca actual Ubicación en estantería Fecha de adquisición Fuente de adquisición Total de préstamos Signatura topográfica completa Código de barras Visto por última vez Precio de reemplazo Tipo de ítem Koha
        Biblioteca del Ateneo de Madrid Biblioteca del Ateneo de Madrid Sala Palomar 17/01/2008     C-13519 1074899 23/02/2023 23/02/2023 Libro impreso